UBT Library

Criminal law and its processes : (Record no. 1255)

000 -LEADER
fixed length control field 00773nam a22002297a 4500
008 - FIXED-LENGTH DATA ELEMENTS--GENERAL INFORMATION
fixed length control field 151012b xxu||||| |||| 00| 0 eng d
020 ## - INTERNATIONAL STANDARD BOOK NUMBER
International Standard Book Number 9780735557949 (hbk.)
020 ## - INTERNATIONAL STANDARD BOOK NUMBER
International Standard Book Number 0735557942 (hbk.)
020 ## - INTERNATIONAL STANDARD BOOK NUMBER
International Standard Book Number 9780735557956 (teacher's manual)
041 0# - LANGUAGE CODE
Language code of text/sound track or separate title eng
080 ## - UNIVERSAL DECIMAL CLASSIFICATION NUMBER
Universal Decimal Classification number 343.98
100 1# - Rafti
Rafti Kadish, Sanford H.
245 10 - TITLE STATEMENT
Title Criminal law and its processes :
Statement of responsibility, etc Sanford H. Kadish, Stephen J. Schulhofer, Carol S. Steiker.
250 ## -
-- 8th ed.
260 ## -
-- Austin :
-- Wolters Kluwer Law & Business/Aspen Publishers,
-- 2007.
300 ## -
-- xliii, 1173 f. :
-- me il.;
-- 27 cm. +
-- teacher's manual.
650 #0 -
-- Kriminalistika
650 #0 -
-- Taktika hetuese
700 1# -
-- Schulhofer, Stephen J.
700 1# -
-- Steiker, Carol S.
942 ## - ADDED ENTRY ELEMENTS (KOHA)
Source of classification or shelving scheme
Item type Books
Holdings
Withdrawn status Lost status Source of classification or shelving scheme Damaged status Not for loan Collection code Permanent location Current location Shelving location Date acquired Total Checkouts Full call number Barcode Date last seen Price effective from Koha item type
          Koleksioni i përgjithshem UBT - Lipjan UBT - Lipjan Koleksioni i përgjithshem 10/12/2015   343.98 KAD 002-008621 10/12/2015 10/12/2015 Books
          Koleksioni i përgjithshem UBT - Lipjan UBT - Lipjan Koleksioni i përgjithshem 10/12/2015   343.98 KAD 002-008622 10/12/2015 10/12/2015 Books
          Koleksioni i përgjithshem UBT - Lipjan UBT - Lipjan Koleksioni i përgjithshem 10/12/2015   343.98 KAD 002-008624 10/12/2015 10/12/2015 Books
UBT Library © 2015-2024. All rights reserved University Education for Business and Technology